Ο τελευταίος πειρασμός
Αποθηκεύτηκε σε:
| Μορφή: | Βιβλίο |
|---|---|
| Γλώσσα: | Greek |
| Δημοσίευση: |
Αθήναι :
Ελ. Καζαντζάκη,
1970
|
| Έκδοση: | 8η έκδ. |
| Θέματα: | |
| Ετικέτες: |
Προσθήκη ετικέτας
Δεν υπάρχουν, Καταχωρήστε ετικέτα πρώτοι!
|
MARC
| LEADER | 00000cam a2200000 i 4500 | ||
|---|---|---|---|
| 001 | 1/124001 | ||
| 008 | 050808s1970 gr | ||| |||| ||gre|| | ||
| 035 | |l 10079720 | ||
| 040 | |a GR-MY-UA |b gre |e aacr | ||
| 041 | 0 | |a gre | |
| 082 | 0 | |a 889.3 |2 (22) | |
| 245 | 1 | 2 | |a Ο τελευταίος πειρασμός / |c Ν. Καζαντζάκη |
| 250 | |a 8η έκδ. | ||
| 260 | |a Αθήναι : |b Ελ. Καζαντζάκη, |c 1970 | ||
| 300 | |a 515 σ.; |c 21 εκ. | ||
| 650 | 0 | 0 | |a Greek literature, Modern. |
| 650 | 0 | 0 | |a Greek fiction. |
| 901 | |a BIBL4-2005-2 | ||
| 909 | |a Ρ |b 122210 | ||
| 970 | |a ΚΟΖΑ |b ΜΑΡΙΑ |z 2005/08/05 | ||